[Event "Chigorin Memorial 20th"]
[Site "St Petersburg"]
[Date "2012.11.02"]
[Round "7"]
[White "Yakovlev, Yuri S"]
[Black "Bezulenko, Evgeny"]
[Result "0-1"]
[WhiteElo "1982"]
[BlackElo "1850"]
[PlyCount "104"]
[EventDate "2012.10.27"]
[EventType "swiss"]
[EventRounds "9"]
[EventCountry "RUS"]
[SourceTitle "EXT 2013"]
[Source "ChessBase"]
[SourceDate "2012.11.22"]
[SourceVersion "1"]
[SourceVersionDate "2012.11.22"]
[SourceQuality "1"]

1. e4 e6 2. d4 d5 3. Nd2 dxe4 4. Nxe4 Nf6 5. Bd3 Be7 6. Nf3 Nbd7 7. Ng3 0-0 8. c3 c5 9. Be3 Nd5 10. 0-0 Nxe3 11. fxe3 Nb6 12. h3 Nd5 13. Re1 Qc7 14. Nf1 c4 15. Be2 f5 16. Ne5 b5 17. a4 Bd6 18. axb5 Bxe5 19. dxe5 Bd7 20. Qd4 Bxb5 21. b3 Rfd8 22. bxc4 Nb6 23. Qf4 Bxc4 24. Bxc4 Qxc4 25. Qxc4 Nxc4 26. e4 f4 27. Ra6 Kf7 28. Rea1 Rd7 29. g3 fxg3 30. Nxg3 Nxe5 31. Ne2 Nf3+ 32. Kg2 Ng5 33. e5 Rd2 34. Rxa7+ Rxa7 35. Rxa7+ Kg6 36. Kf2 Nxh3+ 37. Ke3 Rd5 38. Nf4+ Nxf4 39. Kxf4 Rc5 40. Re7 Rc4+ 41. Ke3 Rxc3+ 42. Kd4 Rc6 43. Ke4 h5 44. Kf4 Kh6 45. Rd7 g5+ 46. Ke3 Kg6 47. Rd8 Kf5 48. Kd4 h4 49. Rf8+ Kg4 50. Rf1 h3 51. Rg1+ Kh4 52. Ke3 h2 0-1

[Event "Chigorin Memorial 20th"]
[Site "St Petersburg"]
[Date "2012.10.28"]
[Round "2"]
[White "Nikitinyh, Boris Aleksandrovic"]
[Black "Bezulenko, Evgeny"]
[Result "1-0"]
[WhiteElo "2142"]
[BlackElo "1850"]
[PlyCount "55"]
[EventDate "2012.10.27"]
[EventType "swiss"]
[EventRounds "9"]
[EventCountry "RUS"]
[SourceTitle "EXT 2013"]
[Source "ChessBase"]
[SourceDate "2012.11.22"]
[SourceVersion "1"]
[SourceVersionDate "2012.11.22"]
[SourceQuality "1"]

1. e4 e6 2. d4 d5 3. Nc3 dxe4 4. Nxe4 Nf6 5. Nxf6+ Qxf6 6. Nf3 h6 7. Bd3 Bd6 8. 0-0 Nd7 9. c4 Bf4 10. Qe2 Bxc1 11. Raxc1 0-0 12. Rfe1 g6 13. b4 c6 14. a4 a5 15. Qd2 axb4 16. Qxb4 c5 17. Qd2 cxd4 18. c5 Rxa4 19. Bb5 Ra3 20. Nxd4 Rd8 21. Nc2 Rc3 22. Ne3 Rxc5 23. Ng4 Qe7 24. Rxc5 Qxc5 25. Bxd7 Qe7 26. Qc3 Bxd7 27. Nf6+ Kf8 28. Nd5 1-0

[Event "St Petersburg Botvinnik Memorial op"]
[Site "St Petersburg"]
[Date "2012.08.28"]
[Round "4"]
[White "Toporkova, Sofia"]
[Black "Bezulenko, Evgeny"]
[Result "1/2-1/2"]
[WhiteElo "1729"]
[BlackElo "1915"]
[PlyCount "68"]
[EventDate "2012.08.25"]
[EventType "swiss"]
[EventRounds "9"]
[EventCountry "RUS"]
[SourceTitle "CBM 150 Extra"]
[Source "ChessBase"]
[SourceDate "2012.10.19"]
[SourceVersion "1"]
[SourceVersionDate "2012.10.19"]
[SourceQuality "1"]

1. d4 Nf6 2. c4 e6 3. Nc3 Bb4 4. f3 d5 5. a3 Bxc3+ 6. bxc3 c5 7. cxd5 exd5 8. Bg5 Bf5 9. dxc5 0-0 10. g4 Bg6 11. h4 h5 12. gxh5 Bxh5 13. Nh3 Nbd7 14. Nf4 Qa5 15. Bh3 Qxc3+ 16. Kf1 g6 17. Bxd7 Nxd7 18. Rc1 Qb2 19. Nxd5 f6 20. Rb1 Qa2 21. Nc3 Qe6 22. Bh6 Rfe8 23. Qd5 b6 24. c6 Ne5 25. c7 Rac8 26. Qxe6+ Rxe6 27. Nd5 Kh7 28. Bf4 Nxf3 29. exf3 Bxf3 30. Rh2 Bxd5 31. Rd1 Bc4+ 32. Kg1 Bb5 33. Rd8 Re8 34. Rxe8 Bxe8 1/2-1/2

[Event "Belorechensk Sarkisov Memorial op"]
[Site "Belorechensk"]
[Date "2012.05.29"]
[Round "7"]
[White "Bezulenko, Evgeny"]
[Black "Baraeva, Irina"]
[Result "0-1"]
[WhiteElo "1962"]
[BlackElo "2165"]
[PlyCount "70"]
[EventDate "2012.05.23"]
[EventType "swiss"]
[EventRounds "9"]
[EventCountry "RUS"]
[SourceTitle "CBM 148 Extra"]
[Source "ChessBase"]
[SourceDate "2012.06.22"]
[SourceVersion "1"]
[SourceVersionDate "2012.06.22"]
[SourceQuality "1"]

1. f4 c5 2. Nf3 Nc6 3. e3 g6 4. d4 cxd4 5. exd4 d5 6. c3 Bg7 7. Ne5 Nh6 8. Qa4 Bd7 9. Qb3 Bc8 10. Bb5 Qd6 11. Qa3 Qe6 12. 0-0 0-0 13. Qc5 Bd7 14. Nxd7 Qxd7 15. Bd3 Rac8 16. Qb5 a6 17. Qa4 Nf5 18. Na3 Nd6 19. Nc2 Qc7 20. Ne3 e6 21. Ng4 b5 22. Qb3 Qb6 23. Ne5 Nxe5 24. fxe5 Bxe5 25. a4 Bg7 26. axb5 axb5 27. Kh1 Ra8 28. Bg5 Nc4 29. Qb4 Rfe8 30. b3 Rxa1 31. Rxa1 Bf8 32. bxc4 Bxb4 33. cxb4 Qxd4 34. Rd1 bxc4 35. Bc2 Qb2 0-1

[Event "South FR-ch"]
[Site "Armavir"]
[Date "2012.03.??"]
[Round "9"]
[White "Bezulenko, Evgeny"]
[Black "Mandrikin, Igor"]
[Result "0-1"]
[WhiteElo "1962"]
[BlackElo "2278"]
[PlyCount "84"]
[EventDate "2012.03.11"]
[EventType "swiss"]
[EventRounds "9"]
[EventCountry "RUS"]
[SourceTitle "EXT 2023"]
[Source "ChessBase"]
[SourceDate "2022.10.05"]
[SourceVersion "1"]
[SourceVersionDate "2022.10.05"]
[SourceQuality "1"]

1. f4 d5 2. Nf3 g6 3. d4 Bg7 4. e3 Nf6 5. c3 0-0 6. Bd3 c5 7. b3 cxd4 8. exd4 Nc6 9. 0-0 Ne4 10. Bb2 Bg4 11. Nbd2 f5 12. h3 Bxf3 13. Nxf3 Qb6 14. Kh2 Rac8 15. Qe1 e6 16. Rd1 Qa5 17. Bb1 b5 18. Rc1 Qb6 19. Qh4 Bf6 20. Qh6 Nd8 21. Ne5 Nf7 22. Nxf7 Rxf7 23. g4 Qd8 24. Bxe4 fxe4 25. g5 Be7 26. Qh4 Qc7 27. Qg4 Rf5 28. Kg2 Bd6 29. h4 Bxf4 30. Rc2 Rcf8 31. Ba3 R8f7 32. Bc5 Be3 33. Rxf5 Rxf5 34. Re2 Bf4 35. c4 bxc4 36. bxc4 e3 37. cxd5 Qb7 38. Qf3 exd5 39. Qg4 Qb1 40. Qh3 Bxg5 41. Qxf5 gxf5 42. hxg5 f4 0-1

[Event "St Petersburg Botvinnik 100 op"]
[Site "St Petersburg"]
[Date "2011.08.19"]
[Round "8"]
[White "Bezulenko, Evgeny"]
[Black "Atlas, Eduard"]
[Result "1-0"]
[WhiteElo "1928"]
[BlackElo "2069"]
[PlyCount "51"]
[EventDate "2011.08.12"]
[EventType "swiss"]
[EventRounds "9"]
[EventCountry "RUS"]
[SourceTitle "CBM 143 Extra"]
[Source "ChessBase"]
[SourceDate "2011.08.29"]
[SourceVersion "1"]
[SourceVersionDate "2011.08.29"]
[SourceQuality "1"]

1. f4 d5 2. Nf3 g6 3. d4 Bg7 4. e3 Nh6 5. Bd3 Bf5 6. h3 Bxd3 7. cxd3 0-0 8. e4 c5 9. Nc3 dxe4 10. dxe4 cxd4 11. Ne2 Nc6 12. 0-0 Qb6 13. Kh1 Rad8 14. Qb3 Qa6 15. Ng3 Kh8 16. f5 gxf5 17. Bxh6 Bxh6 18. Nxf5 Bg7 19. Nxg7 Kxg7 20. Ng5 Ne5 21. Rf5 Nc4 22. Raf1 d3 23. Nxf7 Qg6 24. Qxc4 d2 25. Qc3+ Kg8 26. Qh8# 1-0

[Event "St Petersburg Botvinnik 100 op"]
[Site "St Petersburg"]
[Date "2011.08.18"]
[Round "7"]
[White "Kazantsev, Alexandr"]
[Black "Bezulenko, Evgeny"]
[Result "0-1"]
[WhiteElo "1958"]
[BlackElo "1928"]
[PlyCount "74"]
[EventDate "2011.08.12"]
[EventType "swiss"]
[EventRounds "9"]
[EventCountry "RUS"]
[SourceTitle "CBM 143 Extra"]
[Source "ChessBase"]
[SourceDate "2011.08.29"]
[SourceVersion "1"]
[SourceVersionDate "2011.08.29"]
[SourceQuality "1"]

1. e4 g6 2. d4 Bg7 3. Nc3 d6 4. Nf3 Nf6 5. Be2 c6 6. 0-0 0-0 7. h3 b5 8. a3 a6 9. Be3 Qc7 10. Qd2 Re8 11. Rad1 Nbd7 12. Bh6 Bb7 13. Qg5 e5 14. Bxg7 Kxg7 15. dxe5 dxe5 16. Rd2 h6 17. Qe3 Qb6 18. Qxb6 Nxb6 19. Rfd1 a5 20. Bd3 b4 21. Na2 c5 22. Bb5 Re7 23. Nc1 Nxe4 24. Re2 Nc8 25. Nd3 Ncd6 26. Nxc5 Nxb5 27. Nxe4 bxa3 28. Nc3 Bxf3 29. gxf3 Nd4 30. Rxd4 exd4 31. Rxe7 axb2 32. Nb1 Rc8 33. Kf1 Rxc2 34. Re1 d3 35. Rd1 a4 36. Ke1 Rc1 37. Na3 Ra1 0-1

[Event "St Petersburg Botvinnik 100 op"]
[Site "St Petersburg"]
[Date "2011.08.13"]
[Round "2"]
[White "Bezulenko, Evgeny"]
[Black "Lagashin, Pavel"]
[Result "1-0"]
[WhiteElo "1928"]
[BlackElo "2178"]
[PlyCount "63"]
[EventDate "2011.08.12"]
[EventType "swiss"]
[EventRounds "9"]
[EventCountry "RUS"]
[SourceTitle "CBM 143 Extra"]
[Source "ChessBase"]
[SourceDate "2011.08.29"]
[SourceVersion "1"]
[SourceVersionDate "2011.08.29"]
[SourceQuality "1"]

1. f4 Nf6 2. Nf3 d6 3. d4 Bg4 4. e3 Nc6 5. Bb5 e6 6. c4 a6 7. Ba4 Be7 8. h3 Bxf3 9. Qxf3 d5 10. Nc3 0-0 11. 0-0 Nb4 12. cxd5 exd5 13. Rd1 a5 14. a3 Na6 15. Bb3 c6 16. e4 dxe4 17. Nxe4 Nxe4 18. Qxe4 Bf6 19. Bc2 g6 20. f5 Qb6 21. fxg6 hxg6 22. Bh6 Rfd8 23. Kh1 Rxd4 24. Qf3 Rxd1+ 25. Rxd1 Qxb2 26. Rf1 Kh7 27. Bc1 Qxc2 28. Qxf6 Rg8 29. Bb2 Qe2 30. Qxf7+ Kh6 31. Bc1+ g5 32. Rf6+ 1-0

[Event "Doroshkevich Memorial op"]
[Site "Belorechensk"]
[Date "2010.05.22"]
[Round "1"]
[White "Gorkavij, Vadim"]
[Black "Bezulenko, Evgeny"]
[Result "1-0"]
[WhiteElo "2356"]
[BlackElo "1901"]
[PlyCount "57"]
[EventDate "2010.05.22"]
[EventType "swiss"]
[EventRounds "9"]
[EventCountry "RUS"]
[SourceTitle "EXT 2011"]
[Source "ChessBase"]
[SourceDate "2010.11.26"]
[SourceVersion "1"]
[SourceVersionDate "2010.11.26"]
[SourceQuality "1"]

1. e4 g6 2. d4 Bg7 3. Nc3 d6 4. f4 Nf6 5. Nf3 c5 6. dxc5 Qa5 7. Bd3 Qxc5 8. Qe2 Nc6 9. Be3 Qa5 10. 0-0 0-0 11. Rae1 Bd7 12. Kh1 Qh5 13. Bg1 Bg4 14. Qf2 Nd7 15. h3 Nc5 16. Qg3 Bxf3 17. Rxf3 Nxd3 18. Rxd3 Rac8 19. Rd5 f5 20. a3 e5 21. Nb5 exf4 22. Qb3 Na5 23. Qa2 Kh8 24. Nxd6 Rxc2 25. Nf7+ Rxf7 26. Rd8+ Rf8 27. Rxf8+ Bxf8 28. Bd4+ Bg7 29. Qf7 1-0

[Event "Peterhof op 08"]
[Site "Peterhof"]
[Date "2009.08.07"]
[Round "5"]
[White "Bezulenko, Evgeny"]
[Black "Lagashin, Pavel"]
[Result "0-1"]
[WhiteElo "1913"]
[BlackElo "2093"]
[PlyCount "54"]
[EventDate "2009.08.03"]
[EventType "swiss"]
[EventRounds "9"]
[EventCountry "RUS"]
[SourceTitle "EXT 2010"]
[Source "ChessBase"]
[SourceDate "2010.11.25"]
[SourceVersion "1"]
[SourceVersionDate "2010.11.25"]
[SourceQuality "1"]

1. f4 d5 2. g3 Nc6 3. Nf3 Bg4 4. Bg2 Bxf3 5. Bxf3 e5 6. d3 Bd6 7. fxe5 Nxe5 8. 0-0 h5 9. d4 Nxf3+ 10. Rxf3 h4 11. Qf1 hxg3 12. hxg3 Qd7 13. Bf4 Nf6 14. Nc3 0-0-0 15. Bxd6 Qxd6 16. Nb5 Qb6 17. a4 a6 18. Nxc7 Qxd4+ 19. e3 Qd2 20. Rf2 Qxe3 21. Re1 Qxg3+ 22. Rg2 Qxc7 23. Qf5+ Kb8 24. Re3 Rh5 25. Qf3 Rdh8 26. Rc3 Rh1+ 27. Kf2 Ne4+ 0-1